|
|
|
|
| LEADER |
00000cam a2200000 a 4500 |
| 001 |
vtls010461479 |
| 003 |
SK-MaSNL |
| 005 |
20260311135553.0 |
| 008 |
240318s2012 xr oca g 001 0dcze |
| 015 |
|
|
|a SNBZSA2013-00533
|
| 020 |
|
|
|a 9788086495897
|q (viaz.)
|
| 035 |
|
|
|a (CZ PrSKC)000543410
|
| 035 |
|
|
|a urn:nbn:sk:snk-amlc3b
|
| 035 |
|
|
|a urn:nbn:sk:snk-am0091mc
|
| 035 |
|
|
|a 134F3F29-68C0-46F0-9310-9EB6897ECA6E
|
| 040 |
|
|
|a SNK
|b slo
|b slo
|c SNK
|e AACR2
|
| 041 |
0 |
|
|a cze
|b eng
|b ger
|
| 043 |
|
|
|a e-cs---
|a e-au---
|
| 044 |
|
|
|a xr
|c CZ
|
| 072 |
|
7 |
|a 327
|x Medzinárodné vzťahy, svetová politika
|2 konspekt
|
| 080 |
|
|
|a 321
|2 2001
|
| 080 |
|
|
|a 341.76
|2 2001
|
| 080 |
|
|
|a (437)
|2 2001
|
| 080 |
|
|
|a 94(436)
|2 2001
|
| 080 |
|
|
|a "1918/1933"
|2 2001
|
| 080 |
|
|
|a 327
|2 2001
|
| 080 |
|
|
|a 94(437)
|2 2001
|
| 080 |
|
|
|a (436)
|2 2001
|
| 080 |
|
|
|a 32:1
|2 2001
|
| 080 |
|
|
|a (049)
|2 2001
|
| 100 |
1 |
|
|a Konrád, Ota,
|d 1973-
|4 aut
|9 489168
|
| 245 |
1 |
0 |
|a Nevyvážené vztahy
|b Československo a Rakousko 1918-1933
|c Ota Konrád
|
| 260 |
|
|
|a Praha
|b Masarykův ústav a Archiv AV ČR
|c 2012
|
| 300 |
|
|
|a 309 s., [12] s. obr. príl.
|b ilustr., fotogr., portréty
|c 24 cm
|
| 504 |
|
|
|a Bibliogr. s. 277-296. Bibliogr. odkazy. Reg.
|
| 546 |
|
|
|a Anglické a nemecké resumé
|
| 648 |
|
7 |
|a 1918-1933
|2 SNKPH
|9 304382
|
| 650 |
0 |
7 |
|a filozofia politiky
|2 SNKPH
|9 972
|
| 650 |
0 |
7 |
|a zahraničná politika
|2 SNKPH
|9 971
|
| 650 |
0 |
7 |
|a politická filozofia
|2 SNKPH
|9 4678
|
| 650 |
0 |
7 |
|a Philosophy of politics
|2 SNKPHeng
|9 319357
|
| 650 |
0 |
7 |
|a Foreign policy
|2 SNKPHeng
|9 266402
|
| 650 |
0 |
7 |
|a Political philosophy
|2 SNKPHeng
|9 313095
|
| 650 |
0 |
7 |
|a medzinárodné vzťahy
|2 SNKPH
|9 3690
|
| 651 |
|
7 |
|a Československo
|2 SNKPHgeo
|9 21376
|
| 651 |
|
7 |
|a Rakúsko
|2 SNKPH
|9 18533
|
| 651 |
|
7 |
|a Czechoslovakia
|2 SAVUKPHeng
|9 265183
|
| 651 |
|
7 |
|a Czechoslovakia
|x international relations
|2 SAVUKPHeng
|9 468258
|
| 651 |
|
7 |
|a Czechoslovakia
|x foreign relations
|2 SAVUKPHeng
|9 319307
|
| 651 |
|
7 |
|a Czechoslovakia
|x diplomatic relations
|2 SAVUKPHeng
|9 332939
|
| 651 |
|
7 |
|a Czechoslovakia
|x History
|2 SAVUKPHeng
|9 125910
|
| 651 |
|
7 |
|a Austria
|2 SAVUKPHeng
|9 274392
|
| 651 |
|
7 |
|a Austria
|x international relations
|2 SAVUKPHeng
|2 SAVUKPHeng
|9 339002
|
| 651 |
|
7 |
|a Austria
|x foreign relations
|2 SAVUKPHeng
|9 602567
|
| 651 |
|
7 |
|a Austria
|x diplomatic relations
|2 SAVUKPHeng
|9 602568
|
| 651 |
|
7 |
|a Austria
|x history
|2 SAVUKPHeng
|9 310556
|
| 655 |
|
7 |
|a rozpravy
|2 SNKPH
|9 70559
|
| 655 |
|
7 |
|a Essays
|2 SNKPHeng
|9 267540
|
| 710 |
2 |
|
|a Akademie věd České republiky.
|b Masarykův ústav a Archiv
|4 pbl
|9 219211
|
| 919 |
|
|
|a 978-80-86495-89-7
|
| 958 |
|
|
|a ZS
|
| 958 |
|
|
|a CZ
|
| 958 |
|
|
|a AT
|
| 958 |
|
|
|a NB
|
| 958 |
|
|
|a SP
|
| 999 |
|
|
|c 924427
|d 926357
|
| 952 |
|
|
|a SNK
|b SNK
|y PREZ
|7 0
|p 17A1061412
|o snkSC 152821
|i snk2013/1637
|8 2
|g 12.13
|0 0
|1 0
|4 0
|d 2012-11-30
|f 1
|l 0
|r 2025-07-23 00:00:00
|w 2026-02-24
|